le quizz ultime des refs françaises pt2 - Statistiques

Statistiques générales
  • Ce quiz a été pris 258 fois
    232 depuis la dernière actualisation
  • Le résultat moyen est 14 sur 43
Statistiques - réponses
Par images Réponse % Correct
rien à voir
79%
t’es pas net
72%
salut c’est ninho
67%
allo t’es une fille t’as pas de shampooing
64%
ah là on est bien
61%
believe croire en nos rêves
54%
c’est pas comme ça qu’on imagine la vie
51%
melissandre
50%
c’est bon pour vous
49%
oh la vache
49%
jeanne au secours
48%
maman c’est dur
47%
je vais t’étrangler
42%
on va manger du riz
40%
des 7 des 8
39%
je m’en bas les couilles
38%
les filles je suis tombée
38%
m’en bas les couilles
38%
je te demande pardon
37%
mec de cité simple
35%
je roucoule la langue de molière
34%
stop the car
33%
un mot et je reste
27%
j’ai un background
24%
un menu whooper pour commencer
24%
comme par hasard
21%
il faut sachez que
21%
très délicieuse
20%
c’est un mec bien
18%
à donf je me la pète
17%
le chocolat il a même pas encore coulé
17%
nicki minaj
17%
mais elle est où jeanne
15%
mais tu es qui toi nehuda
15%
sortez de ma chambre
15%
la rivière prout
14%
ah c’est fermé, purée
12%
on rigole marie
12%
cassandra elle en a marre
11%
you fuck my wife
7%
elle est folle
5%
ça crépite façon bagdad
4%
la vie de ma mère je me contiens
3%
Aucun quiz correspondant
Distribution des résultats
% des personnes avec chaque résultat
Percentile par nombre de réponses
Votre historique - résultats
Vous n’avez pas pris ce quiz depuis la dernière actualisation